Castles of the Reach - A Song of Ice and Fire - Statistics

General Stats
  • This quiz has been taken 82 times
    77 since last reset
  • The average score is 9 of 14
Answer Stats
House Seat % Correct
Tyrell Highgarden
100%
Hightower The Hightower
90%
Redwyne The Arbor
88%
Tarly Horn Hill
82%
Ashford Ashford
76%
Fossoway (Red Apple) Cider Hall
74%
Florent Brightwater keep
66%
Merryweather Longtable
60%
Oakheart Old Oak
60%
Rowan Goldengrove
58%
Fossoway (Green Apple) New Barrel
46%
Peake Starpike
42%
Caswell Bitterbridge
38%
Mullendore Uplands
32%
No matching quizzes found
Score Distribution
Percent of People with Each Score
Percentile by Number Answered
Your Score History
You have not taken this quiz since the last reset